000
00494nam a2200169Ia 4500
008
090711s9999 xx 000 0 und d
082
_b
30977
100
_a
भावे पुरुषोत्तम भा.
245
_a
ध्यास
260
_c
1973
300
_a
148
600
_a
भावे पुरुषोत्तम भा.
630
_a
ध्यास
700
_a
भावे पुरुषोत्तम भा.
730
_a
ध्यास
942
_c
BOOK
999
_c
331021
_d
331021